[Event "Icelandic Team Championship 2019-21 - 1s"]
[Site "Reykjavik (round 1-5) and Self"]
[Date "2021.05.16"]
[Round "9.2"]
[White "Johannesson, Jon"]
[Black "Sigurdsson, Elvar Mar"]
[Result "1-0"]
[WhiteElo "1802"]
[BlackElo "1737"]
[PlyCount "61"]
[EventDate "2019.10.03"]
[WhiteTeam "Víkingaklúbburinn b-sveit"]
[BlackTeam "Skákfélag Selfoss og nágrennis"]

1. e4 e6 2. d4 d5 3. Nd2 c5 4. Ngf3 cxd4 5. Nxd4 Nc6 6. Nxc6 bxc6 7. Bd3 Bd6 8.
O-O Ne7 9. f4 O-O 10. Nf3 Qb6+ 11. Kh1 dxe4 12. Bxe4 Qc7 13. Bxh7+ Kxh7 14.
Ng5+ Kg6 15. Qg4 f5 16. Qg3 Kf6 17. b3 Ng6 18. Bb2+ Ke7 19. Nxe6 Bxe6 20. Qxg6
Kd7 21. Rfe1 Rae8 22. Rad1 Bd5 23. Rxe8 Rxe8 24. Qxf5+ Be6 25. Qg6 Bd5 26. c4
Qa5 27. Be5 Bxe5 28. cxd5 Bf6 29. dxc6+ Ke7 30. Rd7+ Kf8 31. Qf7# 1-0

[Event "Icelandic Team Championship 2019-21 - 1s"]
[Site "Reykjavik (round 1-5) and Self"]
[Date "2021.05.16"]
[Round "9.2"]
[White "Ottesen, Oddgeir"]
[Black "Stefansson, Bjorn Gretar"]
[Result "0-1"]
[WhiteElo "1765"]
[BlackElo "1665"]
[PlyCount "104"]
[EventDate "2019.10.03"]
[WhiteTeam "Skákfélag Selfoss og nágrennis"]
[BlackTeam "Víkingaklúbburinn b-sveit"]

1. e4 c5 2. Nf3 Nc6 3. d4 cxd4 4. Nxd4 d6 5. Nc3 a6 6. Be3 g6 7. Qd2 Bg7 8. f3
Nf6 9. g4 h5 10. g5 Nh7 11. h4 Nf8 12. O-O-O Ne6 13. Nxc6 bxc6 14. f4 Qa5 15.
Bc4 Rb8 16. Bb3 O-O 17. f5 gxf5 18. exf5 Qxf5 19. Rdf1 Qg6 20. Ne2 Nc5 21. Bxc5
dxc5 22. Nf4 Qd6 23. Qxd6 exd6 24. Ng6 c4 25. Bxc4 d5 26. Ne7+ Kh8 27. Bb3 Bd7
28. c3 Rbe8 29. Nf5 Bxf5 30. Rxf5 f6 31. gxf6 Rxf6 32. Rxh5+ Kg8 33. Rg1 Kf8
34. Rh7 Re7 35. c4 Bh6+ 36. Kb1 Rxh7 37. cxd5 cxd5 38. Bxd5 Rg7 39. Re1 Rc7 40.
a3 Rf2 41. Re6 Bg7 42. Rb6 Rcc2 43. Rb8+ Ke7 44. Rb7+ Kd6 45. Rxg7 Rxb2+ 46.
Kc1 Kxd5 47. h5 Rh2 48. Rg5+ Ke4 49. Rg8 Rbg2 50. Re8+ Kf5 51. Rd8 Ke6 52. Rd1
Rxh5 0-1

[Event "Icelandic Team Championship 2019-21 - 1s"]
[Site "Reykjavik (round 1-5) and Self"]
[Date "2021.05.16"]
[Round "9.3"]
[White "Kjartansson, Gudmundur"]
[Black "Karlsson, Bjorn-Ivar"]
[Result "1-0"]
[WhiteElo "2500"]
[BlackElo "2293"]
[PlyCount "54"]
[EventDate "2019.10.03"]
[WhiteTeam "Taflfélag Reykjavíkur a-sveit"]
[BlackTeam "Skákfélag Akureyrar"]

1. e4 {[%emt 0:00:00]} c5 {[%emt 0:00:00]} 2. Nf3 {[%emt 0:00:00]} Nc6 {
[%emt 0:00:00]} 3. Bb5 {[%emt 0:00:00]} g6 {[%emt 0:00:00]} 4. Bxc6 {[%emt 0:
00:00]} bxc6 {[%emt 0:00:00]} 5. O-O {[%emt 0:00:00]} Bg7 {[%emt 0:00:00]} 6.
Re1 {[%emt 0:00:00]} Nh6 {[%emt 0:00:00]} 7. c3 {[%emt 0:00:00]} O-O {[%emt 0:
00:00]} 8. h3 {[%emt 0:00:00]} d5 {[%emt 0:00:00]} 9. d3 {[%emt 0:00:00]} f6 {
[%emt 0:00:00]} 10. Qa4 {[%emt 0:00:00]} Qb6 {[%emt 0:00:00]} 11. exd5 {
[%emt 0:00:00]} cxd5 {[%emt 0:00:00]} 12. Rxe7 {[%emt 0:00:00]} Nf5 {[%emt 0:
00:00]} 13. Re1 {[%emt 0:00:00]} Ba6 {[%emt 0:00:00]} 14. Qd1 {[%emt 0:00:00]}
Rfe8 {[%emt 0:00:00]} 15. Rxe8+ {[%emt 0:00:00]} Rxe8 {[%emt 0:00:00]} 16. Na3
{[%emt 0:00:00]} Bf8 {[%emt 0:00:00]} 17. Nc2 {[%emt 0:00:00]} Bd6 {[%emt 0:00:
00]} 18. b3 {[%emt 0:00:00]} Qa5 {[%emt 0:00:00]} 19. Bb2 {[%emt 0:00:00]} Qc7
{[%emt 0:00:00]} 20. Qf1 {[%emt 0:00:00]} Kf7 {[%emt 0:00:00]} 21. c4 {[%emt 0:
00:00]} d4 {[%emt 0:00:00]} 22. Re1 {[%emt 0:00:00]} Rb8 {[%emt 0:00:00]} 23.
b4 {[%emt 0:00:00]} cxb4 {[%emt 0:00:00]} 24. Ncxd4 {[%emt 0:00:00]} Ng7 {
[%emt 0:00:00]} 25. Qe2 {[%emt 0:00:00]} Qd7 {[%emt 0:00:00]} 26. Qc2 {[%emt 0:
00:00]} Rc8 {[%emt 0:00:00]} 27. Qb3 {[%emt 0:00:15]} Bc5 {[%emt 0:01:22]} 1-0

[Event "Icelandic Team Championship 2019-21 - 1s"]
[Site "Reykjavik (round 1-5) and Self"]
[Date "2021.05.16"]
[Round "9.3"]
[White "Thorgeirsson, Jon Kristinn"]
[Black "Gretarsson, Helgi Ass"]
[Result "0-1"]
[WhiteElo "2255"]
[BlackElo "2441"]
[PlyCount "74"]
[EventDate "2019.10.03"]
[WhiteTeam "Skákfélag Akureyrar"]
[BlackTeam "Taflfélag Reykjavíkur a-sveit"]

1. e4 {[%emt 0:00:00]} d6 {[%emt 0:00:00]} 2. Nc3 {[%emt 0:00:00]} Nf6 {
[%emt 0:00:00]} 3. d4 {[%emt 0:00:00]} g6 {[%emt 0:00:00]} 4. Nge2 {[%emt 0:00:
00]} a6 {[%emt 0:00:00]} 5. a4 {[%emt 0:00:00]} Bg7 {[%emt 0:00:00]} 6. h3 {
[%emt 0:00:00]} e5 {[%emt 0:00:00]} 7. d5 {[%emt 0:00:00]} a5 {[%emt 0:00:00]}
8. g4 {[%emt 0:00:00]} h5 {[%emt 0:00:00]} 9. g5 {[%emt 0:00:00]} Nh7 {[%emt 0:
00:00]} 10. h4 {[%emt 0:00:00]} f6 {[%emt 0:00:00]} 11. Bh3 {[%emt 0:00:00]}
Bxh3 {[%emt 0:00:00]} 12. Rxh3 {[%emt 0:00:00]} fxg5 {[%emt 0:00:00]} 13. Bxg5
{[%emt 0:00:00]} Nxg5 {[%emt 0:00:00]} 14. hxg5 {[%emt 0:00:00]} Qxg5 {[%emt 0:
00:00]} 15. Nb5 {[%emt 0:00:00]} Na6 {[%emt 0:00:00]} 16. Raa3 {[%emt 0:00:00]}
O-O {[%emt 0:00:00]} 17. Rag3 {[%emt 0:00:00]} Qf6 {[%emt 0:00:00]} 18. f3 {
[%emt 0:00:00]} Rf7 {[%emt 0:00:00]} 19. Kf2 {[%emt 0:00:00]} Nc5 {[%emt 0:00:
00]} 20. Nbc3 {[%emt 0:00:00]} Kh7 {[%emt 0:00:00]} 21. Qh1 {[%emt 0:00:00]}
Bh6 {[%emt 0:00:00]} 22. Rg1 {[%emt 0:00:00]} Rg8 {[%emt 0:00:00]} 23. Qg2 {
[%emt 0:00:00]} Rgg7 {[%emt 0:00:00]} 24. Qg3 {[%emt 0:00:00]} Qd8 {[%emt 0:00:
00]} 25. Qh4 {[%emt 0:00:00]} Qb8 {[%emt 0:00:00]} 26. b3 {[%emt 0:00:00]} Nd7
{[%emt 0:00:00]} 27. Ke1 {[%emt 0:00:00]} Qa7 {[%emt 0:00:00]} 28. Nd1 {
[%emt 0:00:00]} Qc5 {[%emt 0:00:00]} 29. Rg2 {[%emt 0:00:00]} Qxc2 {[%emt 0:00:
00]} 30. Nf4 {[%emt 0:02:08]} Qc1 {[%emt 0:00:00]} 31. Nd3 {[%emt 0:11:39]} Qb1
{[%emt 0:00:00]} 32. f4 {[%emt 0:01:50]} exf4 {[%emt 0:01:32]} 33. Rb2 {
[%emt 0:00:11]} Qa1 {[%emt 0:00:05]} 34. Kd2 {[%emt 0:01:58]} f3+ {[%emt 0:03:
32]} 35. Kc2 {[%emt 0:00:08]} Ne5 {[%emt 0:01:11]} 36. N1f2 {[%emt 0:00:50]}
Nxd3 {[%emt 0:00:19]} 37. Nxd3 {[%emt 0:00:09]} f2 {[%emt 0:00:05]} 0-1

[Event "Icelandic Team Championship 2019-21 - 1s"]
[Site "Reykjavik (round 1-5) and Self"]
[Date "2021.05.16"]
[Round "9.3"]
[White "Olafsson, Thorvardur"]
[Black "Halldorsson, Halldor"]
[Result "1-0"]
[WhiteElo "2123"]
[BlackElo "2246"]
[PlyCount "87"]
[EventDate "2019.10.03"]
[WhiteTeam "Taflfélag Reykjavíkur a-sveit"]
[BlackTeam "Skákfélag Akureyrar"]

1. e4 {[%emt 0:00:00]} c5 {[%emt 0:00:00]} 2. Nf3 {[%emt 0:00:00]} d6 {[%emt 0:
00:00]} 3. d4 {[%emt 0:00:00]} cxd4 {[%emt 0:00:00]} 4. Nxd4 {[%emt 0:00:00]}
Nf6 {[%emt 0:00:00]} 5. f3 {[%emt 0:00:00]} e5 {[%emt 0:00:00]} 6. Nb3 {
[%emt 0:00:00]} d5 {[%emt 0:00:00]} 7. Bg5 {[%emt 0:00:00]} Be6 {[%emt 0:00:00]
} 8. Bb5+ {[%emt 0:00:00]} Nc6 {[%emt 0:00:00]} 9. Bxf6 {[%emt 0:00:00]} gxf6 {
[%emt 0:00:00]} 10. exd5 {[%emt 0:00:00]} Bxd5 {[%emt 0:00:00]} 11. Nc3 {
[%emt 0:00:00]} Bb4 {[%emt 0:00:00]} 12. Qd3 {[%emt 0:00:00]} O-O {[%emt 0:00:
00]} 13. O-O-O {[%emt 0:00:00]} Bxb3 {[%emt 0:00:00]} 14. Qxd8 {[%emt 0:00:00]}
Rfxd8 {[%emt 0:00:00]} 15. axb3 {[%emt 0:00:00]} Nd4 {[%emt 0:00:00]} 16. Bc4 {
[%emt 0:00:00]} Rac8 {[%emt 0:00:00]} 17. Nb5 {[%emt 0:00:00]} Nf5 {[%emt 0:00:
00]} 18. Rxd8+ {[%emt 0:00:00]} Rxd8 {[%emt 0:00:00]} 19. Rd1 {[%emt 0:00:00]}
Rxd1+ {[%emt 0:00:00]} 20. Kxd1 {[%emt 0:00:00]} a6 {[%emt 0:00:00]} 21. Nc7 {
[%emt 0:00:00]} Ne3+ {[%emt 0:00:00]} 22. Ke2 {[%emt 0:00:00]} Nxc2 {[%emt 0:
00:00]} 23. Nd5 {[%emt 0:00:00]} Nd4+ {[%emt 0:00:00]} 24. Kd3 {[%emt 0:00:00]}
Bc5 {[%emt 0:00:00]} 25. Nxf6+ {[%emt 0:00:00]} Kg7 {[%emt 0:00:00]} 26. Nd7 {
[%emt 0:00:00]} Bd6 {[%emt 0:00:00]} 27. Bd5 {[%emt 0:00:00]} b5 {[%emt 0:00:
00]} 28. f4 {[%emt 0:00:00]} f6 {[%emt 0:00:00]} 29. fxe5 {[%emt 0:00:00]} fxe5
{[%emt 0:00:00]} 30. Ke4 {[%emt 0:00:00]} Nc2 {[%emt 0:00:00]} 31. Nxe5 {
[%emt 0:00:00]} Ne1 {[%emt 0:00:00]} 32. g3 {[%emt 0:00:00]} Bxe5 {[%emt 0:00:
00]} 33. Kxe5 {[%emt 0:00:08]} Nd3+ {[%emt 0:00:00]} 34. Kd4 {[%emt 0:01:19]}
Nxb2 {[%emt 0:00:00]} 35. b4 {[%emt 0:08:46]} Kf6 {[%emt 0:02:11]} 36. Bb7 {
[%emt 0:00:15]} h5 {[%emt 0:01:49]} 37. Bxa6 {[%emt 0:02:54]} Nc4 {[%emt 0:01:
57]} 38. Bxb5 {[%emt 0:01:14]} Nd6 {[%emt 0:00:09]} 39. Bd3 {[%emt 0:01:22]}
Kg5 {[%emt 0:00:48]} 40. Kc5 {[%emt 0:01:51]} Nf7 {[%emt 0:03:49]} 41. b5 {
[%emt 0:00:48]} h4 {[%emt 0:00:04]} 42. Be2 {[%emt 0:00:18]} Ne5 {[%emt 0:01:
45]} 43. b6 {[%emt 0:00:56]} Nd7+ {[%emt 0:01:12]} 44. Kc6 {[%emt 0:00:08] 1-0
(44) o/oorvarður Ólafsson,T-Halldór Halldórsson,S Faxafen 12 2021} 1-0

[Event "Icelandic Team Championship 2019-21 - 1s"]
[Site "Reykjavik (round 1-5) and Self"]
[Date "2021.05.16"]
[Round "9.3"]
[White "Bergsson, Stefan"]
[Black "Einarsson, Bergsteinn"]
[Result "1-0"]
[WhiteElo "2148"]
[BlackElo "2215"]
[PlyCount "115"]
[EventDate "2019.10.03"]
[WhiteTeam "Skákfélag Akureyrar"]
[BlackTeam "Taflfélag Reykjavíkur a-sveit"]

1. e4 {[%emt 0:00:00]} c5 {[%emt 0:00:00]} 2. Nc3 {[%emt 0:00:00]} d6 {[%emt 0:
00:00]} 3. d4 {[%emt 0:00:00]} cxd4 {[%emt 0:00:00]} 4. Qxd4 {[%emt 0:00:00]}
Nc6 {[%emt 0:00:00]} 5. Qd2 {[%emt 0:00:00]} a6 {[%emt 0:00:00]} 6. b3 {
[%emt 0:00:00]} e6 {[%emt 0:00:00]} 7. Bb2 {[%emt 0:00:00]} Nf6 {[%emt 0:00:00]
} 8. O-O-O {[%emt 0:00:00]} Be7 {[%emt 0:00:00]} 9. Kb1 {[%emt 0:00:00]} b5 {
[%emt 0:00:00]} 10. f3 {[%emt 0:00:00]} O-O {[%emt 0:00:00]} 11. g4 {[%emt 0:
00:00]} b4 {[%emt 0:00:00]} 12. Na4 {[%emt 0:00:00]} Bb7 {[%emt 0:00:00]} 13.
h4 {[%emt 0:00:00]} Ne8 {[%emt 0:00:00]} 14. g5 {[%emt 0:00:00]} f6 {[%emt 0:
00:00]} 15. Bc4 {[%emt 0:00:00]} Bc8 {[%emt 0:00:00]} 16. f4 {[%emt 0:00:00]}
Kh8 {[%emt 0:00:00]} 17. Nf3 {[%emt 0:00:00]} Na5 {[%emt 0:00:00]} 18. Bd3 {
[%emt 0:00:00]} e5 {[%emt 0:00:00]} 19. f5 {[%emt 0:00:00]} Bd7 {[%emt 0:00:00]
} 20. Rdg1 {[%emt 0:00:00]} Bxa4 {[%emt 0:00:00]} 21. bxa4 {[%emt 0:00:00]} d5
{[%emt 0:00:00]} 22. gxf6 {[%emt 0:00:00]} Bxf6 {[%emt 0:01:09]} 23. Ng5 {
[%emt 0:00:00]} dxe4 {[%emt 0:03:56]} 24. Nxe4 {[%emt 0:00:00]} Nd6 {[%emt 0:
00:23]} 25. Nxf6 {[%emt 0:00:00]} Qxf6 {[%emt 0:00:21]} 26. Rg4 {[%emt 0:00:00]
} Rac8 {[%emt 0:01:15]} 27. Qe2 {[%emt 0:00:00]} Nc6 {[%emt 0:00:06]} 28. Rhg1
{[%emt 0:00:00]} Rf7 {[%emt 0:02:47]} 29. Rg6 {[%emt 0:06:03]} hxg6 {[%emt 0:
00:05]} 30. fxg6 {[%emt 0:00:04]} Qf3 {[%emt 0:01:35]} 31. gxf7 {[%emt 0:00:46]
} Qxe2 {[%emt 0:00:03]} 32. Bxe2 {[%emt 0:00:08]} Nxf7 {[%emt 0:01:29]} 33.
Bxa6 {[%emt 0:00:20]} Rd8 {[%emt 0:00:25]} 34. Bb5 {[%emt 0:03:01]} Nd4 {
[%emt 0:02:00]} 35. Rd1 {[%emt 0:00:40]} Nd6 {[%emt 0:00:42]} 36. Bxd4 {
[%emt 0:02:12]} Nf5 {[%emt 0:00:08]} 37. a5 {[%emt 0:01:17]} Nxd4 {[%emt 0:00:
34]} 38. a6 {[%emt 0:00:46]} Rc8 {[%emt 0:00:11]} 39. Bd3 {[%emt 0:00:40]} Rc7
{[%emt 0:00:03]} 40. Re1 {[%emt 0:01:36]} Re7 {[%emt 0:00:26]} 41. Rf1 {
[%emt 0:00:06]} Kg8 {[%emt 0:00:56]} 42. Be4 {[%emt 0:00:44]} Nb5 {[%emt 0:01:
10]} 43. Bd5+ {[%emt 0:01:00]} Kh7 {[%emt 0:00:03]} 44. Kb2 {[%emt 0:00:50]} e4
{[%emt 0:00:21]} 45. Rf7 {[%emt 0:01:04]} Re5 {[%emt 0:00:36]} 46. Bc6 {
[%emt 0:01:18]} e3 {[%emt 0:00:22]} 47. Bxb5 {[%emt 0:01:13]} Rxb5 {[%emt 0:00:
04]} 48. Re7 {[%emt 0:01:03]} Ra5 {[%emt 0:00:10]} 49. Rxe3 {[%emt 0:00:19]}
Rxa6 {[%emt 0:00:03]} 50. Rb3 {[%emt 0:00:20]} Ra4 {[%emt 0:00:14]} 51. Rg3 {
[%emt 0:00:11]} Kh6 {[%emt 0:00:51]} 52. Rg5 {[%emt 0:00:05]} b3 {[%emt 0:02:
01]} 53. axb3 {[%emt 0:00:29]} Rxh4 {[%emt 0:00:03]} 54. Rg2 {[%emt 0:00:03]}
g5 {[%emt 0:00:07]} 55. c4 {[%emt 0:00:15]} g4 {[%emt 0:00:05]} 56. c5 {
[%emt 0:00:20]} Kg5 {[%emt 0:00:03]} 57. c6 {[%emt 0:00:40]} Rh7 {[%emt 0:00:
11]} 58. Rc2 {[%emt 0:00:52]} 1-0

[Event "Icelandic Team Championship 2019-21 - 1s"]
[Site "Reykjavik (round 1-5) and Self"]
[Date "2021.05.16"]
[Round "9.3"]
[White "Birkisson, Bjorn Holm"]
[Black "Thorhallsson, Simon"]
[Result "1/2-1/2"]
[WhiteElo "2090"]
[BlackElo "2197"]
[PlyCount "47"]
[EventDate "2019.10.03"]
[WhiteTeam "Taflfélag Reykjavíkur a-sveit"]
[BlackTeam "Skákfélag Akureyrar"]

1. d4 {[%emt 0:00:00]} Nf6 {[%emt 0:00:00]} 2. Nf3 {[%emt 0:00:00]} e6 {
[%emt 0:00:00]} 3. g3 {[%emt 0:00:00]} c5 {[%emt 0:00:00]} 4. Bg2 {[%emt 0:00:
00]} cxd4 {[%emt 0:00:00]} 5. Nxd4 {[%emt 0:00:00]} d5 {[%emt 0:00:00]} 6. O-O
{[%emt 0:00:00]} e5 {[%emt 0:00:00]} 7. Nf3 {[%emt 0:00:00]} Nc6 {[%emt 0:00:
00]} 8. c4 {[%emt 0:00:00]} d4 {[%emt 0:00:00]} 9. Bg5 {[%emt 0:00:00]} h6 {
[%emt 0:00:00]} 10. Bxf6 {[%emt 0:00:00]} Qxf6 {[%emt 0:00:00]} 11. Nbd2 {
[%emt 0:00:00]} Bg4 {[%emt 0:00:00]} 12. Qa4 {[%emt 0:00:00]} Be7 {[%emt 0:00:
00]} 13. Nxe5 {[%emt 0:00:00]} Qxe5 {[%emt 0:00:00]} 14. Bxc6+ {[%emt 0:00:00]}
Kf8 {[%emt 0:00:00]} 15. Bf3 {[%emt 0:00:00]} Bh3 {[%emt 0:00:00]} 16. Rfd1 {
[%emt 0:00:00]} h5 {[%emt 0:00:00]} 17. Qb5 {[%emt 0:00:00]} Qf6 {[%emt 0:00:
00]} 18. Qxb7 {[%emt 0:00:00]} Rd8 {[%emt 0:00:00]} 19. Qc6 {[%emt 0:00:00]}
Qg5 {[%emt 0:00:00]} 20. Bg2 {[%emt 0:00:00]} Rh6 {[%emt 0:00:00]} 21. Qe4 {
[%emt 0:00:41]} Re6 {[%emt 0:00:00]} 22. Qh7 {[%emt 0:00:10]} Rh6 {[%emt 0:00:
00]} 23. Qe4 {[%emt 0:00:17]} Re6 {[%emt 0:00:00]} 24. Qh7 {[%emt 0:00:23]}
1/2-1/2

[Event "Icelandic Team Championship 2019-21 - 1s"]
[Site "Reykjavik (round 1-5) and Self"]
[Date "2021.05.16"]
[Round "9.3"]
[White "Karlsson, Mikael Johann"]
[Black "Mai, Alexander Oliver"]
[Result "0-1"]
[WhiteElo "2077"]
[BlackElo "2025"]
[PlyCount "134"]
[EventDate "2019.10.03"]
[WhiteTeam "Skákfélag Akureyrar"]
[BlackTeam "Taflfélag Reykjavíkur a-sveit"]

1. g3 {[%emt 0:00:00]} g6 {[%emt 0:00:00]} 2. Bg2 {[%emt 0:00:00]} Bg7 {
[%emt 0:00:00]} 3. c4 {[%emt 0:00:00]} Nf6 {[%emt 0:00:00]} 4. Nc3 {[%emt 0:00:
00]} O-O {[%emt 0:00:00]} 5. Nf3 {[%emt 0:00:00]} d6 {[%emt 0:00:00]} 6. d4 {
[%emt 0:00:00]} Nc6 {[%emt 0:00:00]} 7. O-O {[%emt 0:00:00]} Bf5 {[%emt 0:00:
00]} 8. d5 {[%emt 0:00:00]} Na5 {[%emt 0:00:00]} 9. Nd4 {[%emt 0:00:00]} Bd7 {
[%emt 0:00:00]} 10. b3 {[%emt 0:00:00]} c5 {[%emt 0:00:00]} 11. Nc2 {[%emt 0:
00:00]} a6 {[%emt 0:00:00]} 12. Qd3 {[%emt 0:00:00]} Rb8 {[%emt 0:00:00]} 13.
e4 {[%emt 0:00:00]} b5 {[%emt 0:00:00]} 14. f4 {[%emt 0:00:00]} bxc4 {[%emt 0:
00:00]} 15. bxc4 {[%emt 0:00:00]} e6 {[%emt 0:00:00]} 16. Ba3 {[%emt 0:00:00]}
Re8 {[%emt 0:00:00]} 17. Rab1 {[%emt 0:00:00]} exd5 {[%emt 0:00:00]} 18. cxd5 {
[%emt 0:00:00]} Bb5 {[%emt 0:00:00]} 19. Nxb5 {[%emt 0:00:00]} axb5 {[%emt 0:
00:00]} 20. Rbe1 {[%emt 0:00:00]} b4 {[%emt 0:00:00]} 21. Bc1 {[%emt 0:00:00]}
c4 {[%emt 0:00:00]} 22. Qd1 {[%emt 0:00:00]} b3 {[%emt 0:00:00]} 23. axb3 {
[%emt 0:00:00]} cxb3 {[%emt 0:00:00]} 24. Na3 {[%emt 0:00:00]} b2 {[%emt 0:00:
00]} 25. Bd2 {[%emt 0:00:00]} Nc4 {[%emt 0:00:00]} 26. Nb1 {[%emt 0:00:00]}
Qb6+ {[%emt 0:00:00]} 27. Kh1 {[%emt 0:00:00]} Qd4 {[%emt 0:03:36]} 28. Qc2 {
[%emt 0:00:00]} Nxd2 {[%emt 0:00:54]} 29. Qxd2 {[%emt 0:00:00]} Nd7 {[%emt 0:
01:43]} 30. Qa5 {[%emt 0:00:00]} Rec8 {[%emt 0:01:15]} 31. Bh3 {[%emt 0:00:00]}
Rd8 {[%emt 0:01:29]} 32. f5 {[%emt 0:00:00]} Nf6 {[%emt 0:01:51]} 33. fxg6 {
[%emt 0:00:00]} hxg6 {[%emt 0:00:15]} 34. Qc7 {[%emt 0:00:00]} Qb6 {[%emt 0:01:
16]} 35. Qc6 {[%emt 0:00:00]} Re8 {[%emt 0:02:00]} 36. Rf4 {[%emt 0:00:00]} Qd8
{[%emt 0:02:57]} 37. Qc4 {[%emt 0:00:00]} Qe7 {[%emt 0:00:31]} 38. Qd3 {
[%emt 0:00:00]} Nh5 {[%emt 0:00:49]} 39. Rf2 {[%emt 0:00:00]} Rb4 {[%emt 0:00:
36]} 40. Bg2 {[%emt 0:00:00]} Qe5 {[%emt 0:00:15]} 41. Ref1 {[%emt 0:00:20]}
Re7 {[%emt 0:00:29]} 42. Nd2 {[%emt 0:04:49]} Qd4 {[%emt 0:00:47]} 43. Qc2 {
[%emt 0:04:36]} Nf6 {[%emt 0:00:50]} 44. Rf4 {[%emt 0:02:25]} Nh5 {[%emt 0:00:
55]} 45. R4f3 {[%emt 0:04:02]} Be5 {[%emt 0:00:37]} 46. Rd3 {[%emt 0:05:15]}
Qb6 {[%emt 0:00:28]} 47. Nb1 {[%emt 0:01:46]} Rc7 {[%emt 0:00:28]} 48. Qe2 {
[%emt 0:00:18]} Rc1 {[%emt 0:00:35]} 49. Rdf3 {[%emt 0:01:29]} Qc7 {[%emt 0:00:
36]} 50. Qf2 {[%emt 0:00:46]} Rxf1+ {[%emt 0:00:40]} 51. Bxf1 {[%emt 0:00:22]}
Rb7 {[%emt 0:00:28]} 52. g4 {[%emt 0:00:20]} Ng7 {[%emt 0:00:37]} 53. Bd3 {
[%emt 0:00:34]} Qc1+ {[%emt 0:00:15]} 54. Kg2 {[%emt 0:00:04]} Qg5 {[%emt 0:00:
19]} 55. h3 {[%emt 0:00:19]} Nh5 {[%emt 0:00:40]} 56. Kh1 {[%emt 0:00:44]} Nf4
{[%emt 0:00:29]} 57. Qc2 {[%emt 0:00:52]} Kg7 {[%emt 0:00:28]} 58. Bf1 {
[%emt 0:00:26]} Qe7 {[%emt 0:00:30]} 59. Nd2 {[%emt 0:00:43]} Rc7 {[%emt 0:00:
46]} 60. Qb3 {[%emt 0:00:38]} g5 {[%emt 0:00:19]} 61. Bb5 {[%emt 0:00:35]} Rc1+
{[%emt 0:00:23]} 62. Rf1 {[%emt 0:00:15]} Rc3 {[%emt 0:00:32]} 63. Qb4 {
[%emt 0:00:39]} Rxh3+ {[%emt 0:00:18]} 64. Kg1 {[%emt 0:00:05]} Qf6 {[%emt 0:
00:45]} 65. Rf3 {[%emt 0:00:18]} Qh6 {[%emt 0:00:43]} 66. Bf1 {[%emt 0:01:11]}
Rh1+ {[%emt 0:00:31]} 67. Kf2 {[%emt 0:00:18]} Qh4+ {[%emt 0:00:27]} 0-1

[Event "Icelandic Team Championship 2019-21 - 1s"]
[Site "Reykjavik (round 1-5) and Self"]
[Date "2021.05.16"]
[Round "9.4"]
[White "Hjartarson, Johann"]
[Black "Gretarsson, Hjorvar Steinn"]
[Result "0-1"]
[WhiteElo "2523"]
[BlackElo "2588"]
[PlyCount "80"]
[EventDate "2019.10.03"]
[WhiteTeam "Víkingaklúbburinn a-sveit"]
[BlackTeam "Skákfélagið Huginn"]

1. e4 {[%emt 0:00:00]} c5 {[%emt 0:00:00]} 2. Nf3 {[%emt 0:00:00]} d6 {[%emt 0:
00:00]} 3. d4 {[%emt 0:00:00]} cxd4 {[%emt 0:00:00]} 4. Nxd4 {[%emt 0:00:00]}
Nf6 {[%emt 0:00:00]} 5. Nc3 {[%emt 0:00:00]} a6 {[%emt 0:00:00]} 6. Be3 {
[%emt 0:00:00]} Nbd7 {[%emt 0:00:00]} 7. f3 {[%emt 0:00:00]} e6 {[%emt 0:00:00]
} 8. Qd2 {[%emt 0:00:00]} b5 {[%emt 0:00:00]} 9. O-O-O {[%emt 0:00:00]} Bb7 {
[%emt 0:00:00]} 10. g4 {[%emt 0:00:00]} Nb6 {[%emt 0:00:00]} 11. Qf2 {[%emt 0:
00:00]} Nfd7 {[%emt 0:00:00]} 12. Bd3 {[%emt 0:00:00]} Rc8 {[%emt 0:00:00]} 13.
h4 {[%emt 0:00:00]} Rxc3 {[%emt 0:00:00]} 14. bxc3 {[%emt 0:00:00]} Qc7 {
[%emt 0:00:00]} 15. Ne2 {[%emt 0:00:00]} d5 {[%emt 0:00:00]} 16. Kb1 {[%emt 0:
00:00]} Na4 {[%emt 0:00:00]} 17. g5 {[%emt 0:00:00]} Ne5 {[%emt 0:00:00]} 18.
Bd4 {[%emt 0:00:00]} Bd6 {[%emt 0:00:00]} 19. h5 {[%emt 0:00:00]} O-O {[%emt 0:
02:10]} 20. Rh3 {[%emt 0:00:00]} b4 {[%emt 0:01:13]} 21. cxb4 {[%emt 0:00:00]}
Bxb4 {[%emt 0:01:48]} 22. f4 {[%emt 0:00:00]} Nxd3 {[%emt 0:03:12]} 23. Rdxd3 {
[%emt 0:00:00]} Rc8 {[%emt 0:00:55]} 24. Nc1 {[%emt 0:00:00]} dxe4 {[%emt 0:01:
29]} 25. Rb3 {[%emt 0:00:00]} a5 {[%emt 0:00:36]} 26. g6 {[%emt 0:00:00]} fxg6
{[%emt 0:00:32]} 27. hxg6 {[%emt 0:00:00]} h6 {[%emt 0:00:05]} 28. Be5 {
[%emt 0:00:22]} Qd7 {[%emt 0:00:57]} 29. a3 {[%emt 0:04:59]} Bc5 {[%emt 0:00:
12]} 30. Qh2 {[%emt 0:00:30]} Bf8 {[%emt 0:01:08]} 31. Rxh6 {[%emt 0:05:41]}
gxh6 {[%emt 0:00:01]} 32. g7 {[%emt 0:00:02]} Bxg7 {[%emt 0:00:10]} 33. Rg3 {
[%emt 0:00:05]} Qb5+ {[%emt 0:02:14]} 34. Nb3 {[%emt 0:01:03]} Qf1+ {[%emt 0:
00:24]} 35. Ka2 {[%emt 0:01:19]} Nc3+ {[%emt 0:00:20]} 36. Rxc3 {[%emt 0:03:07]
} Rxc3 {[%emt 0:00:06]} 37. Bxc3 {[%emt 0:00:10]} Bxc3 {[%emt 0:00:31]} 38.
Qxh6 {[%emt 0:00:06]} Bd5 {[%emt 0:00:43]} 39. Qg5+ {[%emt 0:00:14]} Kf7 {
[%emt 0:00:11]} 40. Qh5+ {[%emt 0:00:08]} Kf8 {[%emt 0:00:07]} 0-1